Commonhold proposals for commonhold regulations : consultation paper (Record no. 103056)

MARC details
000 -LEADER
fixed length control field 01145cam a2200229 4500
001 - CONTROL NUMBER
control field X123547
008 - FIXED-LENGTH DATA ELEMENTS--GENERAL INFORMATION
fixed length control field 030910n2002 000 0 eng u
035 ## - SYSTEM CONTROL NUMBER
System control number (Sirsi) u123547
110 ## - MAIN ENTRY--CORPORATE NAME
Corporate name or jurisdiction name as entry element United Kingdom
Subordinate unit Lord Chancellor's Department
9 (RLIN) 1274
245 ## - TITLE STATEMENT
Title Commonhold proposals for commonhold regulations : consultation paper
260 ## - PUBLICATION, DISTRIBUTION, ETC.
Date of publication, distribution, etc. 2002
520 ## - SUMMARY, ETC.
Summary, etc. Paper seting out for consultation provisional policy proposals to inform the drafting of the regulations to be made to implement Part I of the Commonhold and Leasehold Reform Act 2002. Responses were published 26 August 2003.
650 ## - SUBJECT ADDED ENTRY--TOPICAL TERM
Topical term or geographic name entry element COMMONHOLD AND LEASEHOLD REFORM ACT 2002
650 ## - SUBJECT ADDED ENTRY--TOPICAL TERM
Topical term or geographic name entry element CONSULTATION PAPER
650 ## - SUBJECT ADDED ENTRY--TOPICAL TERM
Topical term or geographic name entry element COMMONHOLD
650 ## - SUBJECT ADDED ENTRY--TOPICAL TERM
Topical term or geographic name entry element LEASEHOLD REFORM
690 ## - LOCAL SUBJECT ADDED ENTRY--TOPICAL TERM (OCLC, RLIN)
Topical term or geographic name as entry element PROPERTY-RESIDENTIAL PROPERTY-RESIDENTIAL LANDLORD AND TENANT-RESIDENTIAL TENANCIES
856 ## - ELECTRONIC LOCATION AND ACCESS
Uniform Resource Identifier <a href="https://www.lcd.gov.uk/consult/common/commonhold.htm">https://www.lcd.gov.uk/consult/common/commonhold.htm</a>
Public note Click for consultation paper
856 ## - ELECTRONIC LOCATION AND ACCESS
Uniform Resource Identifier <a href="https://www.lcd.gov.uk/consult/common/comholdresp.htm">https://www.lcd.gov.uk/consult/common/comholdresp.htm</a>
Public note Click for responses
856 ## - ELECTRONIC LOCATION AND ACCESS
Uniform Resource Identifier <a href="https://www.rics.org/RICSWEB/getpage.aspx?p=IlntEnFyTUKwQYko6D409w">https://www.rics.org/RICSWEB/getpage.aspx?p=IlntEnFyTUKwQYko6D409w</a>
Public note Click for RICS response
942 ## - ADDED ENTRY ELEMENTS (KOHA)
Suppress in OPAC 0
Holdings
Withdrawn status Lost status Source of classification or shelving scheme Damaged status Not for loan Home library Current library Shelving location Date acquired Total Checkouts Full call number Barcode Date last seen Copy number Price effective from Koha item type
    Dewey Decimal Classification     Virtual Virtual Online 10/09/2003   ONLINE PUBLICATION 123547-1001 06/08/2019 1 06/08/2019 Reference material